000 00449nam a2200145Ia 4500
008 100204s9999 xx 000 0 und d
082 _b14664
100 _aपरांजपे हृषिकेश
245 _aरेशीमगाठी
260 _b"अर्चना प्रकासन, पुणे"
_c1991
300 _a176
630 _aरेशीमगाठी
730 _aरेशीमगाठी
942 _cBOOK
999 _c459095
_d459092